| 000 | 00505nam a2200169Ia 4500 | ||
|---|---|---|---|
| 008 | 131103s9999 xx 000 0 und d | ||
| 040 | _aLoreto College | ||
| 041 | _aEnglish | ||
| 082 |
_a825/SEL _bLBkB/E301 |
||
| 245 |
_aBurke's speech on conciliation with America _cEdited with introduction and notes by F.G.Selly |
||
| 260 |
_aLondon _bMacmill _c1953 |
||
| 300 |
_axxviii,127p. _c 18 cm. |
||
| 504 | _aIncludes notes and index | ||
| 700 | _aSelby,F.G.,ed. | ||
| 850 | _aLCBkB/825/SEL | ||
| 942 | _cBK | ||
| 999 |
_c35725 _d86204 |
||